000
00293nam a2200109Ia 4500
008
201223s9999 xx 000 0 und d
100
_a
R de Souza, Teotonio
245
0
_a
Goa through the ages Vol. II An economic history
260
_a
New Delhi
_b
Concept Publishing
300
_a
312
942
_c
BK
999
_c
8296
_d
8296